000 00761nam a22002057a 4500
999 _c3825
_d3825
003 AR-CdUCM
008 190307b ||||| |||| 00| 0 spa d
040 _aMUNICIPALIDAD PROVINCIAL DEL CUSCO
_cBIBLIOTECA MUNICIPAL DEL CUSCO
082 _a869.56 /
_bAL32
100 _aAlarco, Eugenio
_912314
245 _aLos mortales :
_bNovela /
260 _aArgentina :
_bMacagno, landa y Cia.,
_c1966.
300 _a469 paginas ;
_c20 cm.
505 _aDiscordia en el reino de las sombras -- Se urden intrigas -- La lucha de los monstruos -- Muerte del bien y del mal -- Nueve cĂ­rculos en las tierras blancas...
650 _aNovela Argentina
_99108
650 _aSiglo XX
_98
650 _aLiteratura latinoamericana
_91143
942 _2ddc
_cLIBROS
945 _awnts